|
|
|
|
| LEADER |
00000nab a2200000u 4500 |
| 001 |
vtls012079263 |
| 003 |
SK-MaSNL |
| 005 |
20260303095955.0 |
| 008 |
211130|19590313xo ||||||| ||00 ||slo| |
| 038 |
|
|
|a KEVKJB
|
| 040 |
|
|
|a KEVKJB
|b slo
|e rda
|
| 041 |
0 |
|
|a slo
|
| 043 |
|
|
|a e-xo---
|
| 044 |
|
|
|a xo
|c SK
|
| 072 |
|
7 |
|a 796
|x Šport. Hry. Telesné cvičenia
|2 konspekt
|
| 080 |
|
|
|a 796.86
|2 2011
|
| 100 |
1 |
|
|a Polgárová, Mária
|4 aut
|9 1110075
|
| 245 |
1 |
0 |
|a Hovorí otec šermiarov
|c Mária Polgárová
|
| 300 |
|
|
|b Fotografia
|
| 336 |
|
|
|a text
|b txt
|2 rdacontent
|
| 337 |
|
|
|a bez média
|b n
|2 rdamedia
|
| 338 |
|
|
|a zväzok
|b nc
|2 rdacarrier
|
| 600 |
1 |
7 |
|a Pačenovský, Samuel,
|d 1892-1971
|2 SNKMA
|9 160856
|
| 650 |
0 |
7 |
|a šerm
|2 SNKPH
|9 3252
|
| 651 |
|
7 |
|a Košice (Slovensko)
|2 SNKPHgeo
|9 18694
|
| 773 |
0 |
|
|t Východoslovenské noviny
|g Roč. II. (VIII), č. 20 (13.3.1959), s. 8
|
| 852 |
|
|
|a KEVKJB
|b KIS3GCP
|
| 999 |
|
|
|c 1827509
|d 1829439
|